000 00447nam a2200181Ia 4500
008 240510s9999 xx 000 0 und d
041 _aEng
082 _a051
082 _bS63
100 _aSAATY, Thomas L., WEYL, F. Joachim ed.
245 4 _aThe spirit and the Uses of the Mathematical Sciences
260 _bNew York : McGraw - Hill
260 _c1969
300 _a301 p.
650 _aMathematics
942 _2ddc
942 _cLBK
999 _c23623
_d23623
945 _a1
_bMadushi Gamage
_c1
_dMadushi Gamage